Statistics for Top 20 U.S. Liberal Arts Colleges

Click here to take the quiz!

General Stats

  • This quiz has been taken 22 times
  • The average score is 10 of 20

Answer Stats

RankFoundedLocationCollege% Correct
41864Swarthmore, PASwarthmore College
76%
111846Grinnell, IAGrinnell College
71%
11793Williamstown, MAWilliams College
71%
21821Amherst, MAAmherst College
67%
161837Davidson, NCDavidson College
67%
81802West Point, NYUnited States Military Academy
67%
41870Wellesley, MAWellesley College
67%
111800Middlebury, VTMiddlebury College
62%
71954Colorado Springs, COUnited States Air Force Academy
57%
31845Annapolis, MDUnited States Naval Academy
52%
91794Brunswick, MEBowdoin College
48%
41888Claremont, CAPomona College
48%
111946Claremont, CAClaremont McKenna College
38%
161871Northampton, MASmith College
33%
161861Poughkeepsie, NYVassar College
33%
111889New York, NYBarnard College
29%
91866Northfield, MNCarleton College
29%
161793Clinton, NYHamilton College
29%
161955Claremont, CAHarvey Mudd College
29%
111831Middletown, CTWesleyan University
29%

Score Distribution

Percentile by Number Answered

Percent of People with Each Score

Your Score History

You have not taken this quiz